Welcome to WEB OPAC of MRSPTU Central Library

A Modern Approach to Logical Reasoning (Record no. 6540)

MARC details
000 -LEADER
fixed length control field 00420nam a2200169Ia 4500
008 - FIXED-LENGTH DATA ELEMENTS--GENERAL INFORMATION
fixed length control field 230711s9999||||xx |||||||||||||| ||und||
020 ## - INTERNATIONAL STANDARD BOOK NUMBER
International Standard Book Number 978-93-525-3574-3
041 ## - LANGUAGE CODE
Language code of text/sound track or separate title ENG
082 ## - DEWEY DECIMAL CLASSIFICATION NUMBER
Classification number 153.43
Item number AG-L
100 ## - MAIN ENTRY--PERSONAL NAME
Personal name Aggarwal,R.S
245 #2 - TITLE STATEMENT
Title A Modern Approach to Logical Reasoning
250 ## - EDITION STATEMENT
Edition statement 1st Ed.
260 ## - PUBLICATION, DISTRIBUTION, ETC.
Date of publication, distribution, etc. 2017
Place of publication, distribution, etc. New Delhi
Name of publisher, distributor, etc. S.Chand & Company Ltd
300 ## - PHYSICAL DESCRIPTION
Extent 224p.
650 ## - SUBJECT ADDED ENTRY--TOPICAL TERM
Topical term or geographic name entry element Literature
942 ## - ADDED ENTRY ELEMENTS (KOHA)
Koha item type Book
Holdings
Withdrawn status Lost status Damaged status Not for loan Collection Home library Current library Date acquired Source of acquisition Cost, normal purchase price Inventory number Total checkouts Full call number Barcode Date due Date last seen Date last checked out Price effective from Koha item type
          MRSPTU Central Library MRSPTU Central Library 07/06/2043 Krishna Book Distributors 275.00 KBD/2017-2018/1019743059 1 153.43 AG-L 38650 05/07/2026 04/16/2026 04/16/2026 08/17/2023 Book
          MRSPTU Central Library MRSPTU Central Library 07/06/2043 Krishna Book Distributors 275.00 KBD/2017-2018/1019743059   153.43 AG-L 38651   08/17/2023   08/17/2023 Book
          MRSPTU Central Library MRSPTU Central Library 07/06/2043 Krishna Book Distributors 275.00 KBD/2017-2018/1019743059   153.43 AG-L 38652   08/17/2023   08/17/2023 Book
          MRSPTU Central Library MRSPTU Central Library 07/06/2043 Krishna Book Distributors 275.00 KBD/2017-2018/1019743059   153.43 AG-L 38653   08/17/2023   08/17/2023 Book
          MRSPTU Central Library MRSPTU Central Library 07/06/2043 Krishna Book Distributors 275.00 KBD/2017-2018/1019743059 2 153.43 AG-L 38654   11/17/2023 10/25/2023 08/17/2023 Book
          MRSPTU Central Library MRSPTU Central Library 07/06/2043 Krishna Book Distributors 275.00 KBD/2017-2018/1019743059   153.43 AG-L 38655   08/17/2023   08/17/2023 Book
          MRSPTU Central Library MRSPTU Central Library 07/06/2043 Krishna Book Distributors 275.00 KBD/2017-2018/1019743059   153.43 AG-L 38656   08/17/2023   08/17/2023 Book
          MRSPTU Central Library MRSPTU Central Library 07/06/2043 Krishna Book Distributors 275.00 KBD/2017-2018/1019743059   153.43 AG-L 38657   08/17/2023   08/17/2023 Book
          MRSPTU Central Library MRSPTU Central Library 07/06/2043 Krishna Book Distributors 275.00 KBD/2017-2018/1019743059   153.43 AG-L 38658   08/17/2023   08/17/2023 Book
          MRSPTU Central Library MRSPTU Central Library 07/06/2043 Krishna Book Distributors 275.00 KBD/2017-2018/1019743059   153.43 AG-L 38659   08/17/2023   08/17/2023 Book

Website Designed and Developed by MRSPTU Central Library Team

E-mail Id: librarian@mrsptu.ac.in